| 000 | 00407nam a22001697a 4500 | ||
|---|---|---|---|
| 999 |
_c4224 _d4223 |
||
| 005 | 20210908125913.0 | ||
| 008 | 160627b xxu||||| |||| 00| 0 eng d | ||
| 020 | _a81-297-0390-4 | ||
| 041 | _aeng | ||
| 082 | _b10284 | ||
| 100 |
_awatson, and others _92920 |
||
| 245 | _aMolecular Biology of the Gene | ||
| 260 | _bPearson Education Delhi | ||
| 300 | _a711 | ||
| 650 |
_aAgriculture _92837 |
||
| 942 | _cBK | ||